000 00577nam a2200157Ia 4500
008 151213s9999 xx 000 0 und d
020 _a984-8599-09-6
100 _aরকিবুল হাসান।
245 _aঅনিয়ম চুম্বনের সিঁড়িধরে।
_cরকিবুল হাসান।
260 _aফমিরপুর - ১, ঢাকা
_bপরী প্রকাশনী।
_c2006
300 _a9271 p.
650 _aBangla
650 _aকবিতা
700 _aরকিবুল হাসান।
999 _c4737
_d4737